000 00356pab a2200121 454500
008 180718b xxu||||| |||| 00| 0 eng d
100 _aPost, Iohaw
245 _aSmall-scale economic activity and town planning in Kassala, Sudan
650 _a City Planning - Sudan
650 _aEntrepreneurs - Sudan
773 _aThird World Planning Review
909 _a21456
999 _c21456
_d21456